000 00272nam a2200109 a 4500
005 20201002060557.0
008 180613s2008 000 spa d
020 _a9789705804465
245 3 _aLa voluntad y la fortuna.
260 _aMéxico, D.F.,
_c2008.
999 _c46994
_d46994
040 _aDO-SdBNP